The Determination of the bulk modulus in a constrained solid (Record no. 45672)

MARC details
000 -LEADER
fixed length control field 00374nam a2200133Ia 4500
100 ## - MAIN ENTRY--AUTHOR NAME
Personal name Gilmour I
245 #4 - TITLE STATEMENT
Title The Determination of the bulk modulus in a constrained solid
260 ## - PUBLICATION, DISTRIBUTION, ETC. (IMPRINT)
Name of publisher Journal of Polymer Science. Polymer Physics
Year of publication 1974
300 ## - PHYSICAL DESCRIPTION
Number of Pages 1939-1940
700 ## - ADDED ENTRY--PERSONAL NAME
Personal name Haward RN
700 ## - ADDED ENTRY--PERSONAL NAME
Personal name Trainor A
942 ## - ADDED ENTRY ELEMENTS (KOHA)
Koha item type Reprints
Holdings
Withdrawn status Lost status Damaged status Not for loan Home library Current library Date acquired Serial Enumeration / chronology Accession Number Koha item type
      Reprints RRII Library RRII Library 22/12/2021 Volume 12, Issue P1281 Reprints